000 00566nam a22001697a 4500
999 _c526314
_d526314
003 NUST
038 _aMr. Zahoor
082 _a620.1
100 _aHassan, Abid
_917294
245 _aMicromechanical Modeling of 8-Harness Satid Weave Glass Fiber Reinforced Phenolic Composites Using Finite Element Analysis /
_cAbid Hassan
260 _aIslamabad :
_bCEME - NUST,
_c2013.
300 _axiv, 127 p. : ill. ;
_c30cm.
500 _aHardcover.
650 _aMechanical Engineering - MS Thesis
_916090
700 _aDr. Rizwan Saeed Choudhry
_917295
942 _2ddc
_cTHE